Score 0/30 Timer 05:00
6 Plays Today
Lyric H or 1 % Correct
Who lives, who dies, who tells your story????
91.3%
When our children tell our story, they'll tell the story of tonight???
90.5%
Got to start a new nation, got to meet my son???
90.4%
Look into your eyes, and the sky’s the limit—I’m helpless???
89.4%
Best of wives and best of women???
88.5%
You will come of age with our young nation—we’ll bleed and fight for you, we’ll make it right for you???
88.3%
You’re going to need congressional approval and you don’t have the votes???
88.2%
But someone’s got to keep the American promise—you simply must meet Thomas???
87.3%
You and your words flooded my senses, your sentences left me defenseless???
87.1%
Molasses to rum to slaves, oh what a beautiful waltz???
86.7%
We'll never be truly free until those in bondage have the same rights as you and me???
86.4%
Sit down, John, you fat mother—[bleep]???
86%
And just as Tom here has written, though the shell may belong to Great Britain, the eagle inside belongs to us???
85.9%
Compliments of the Concord Ladies Coffee Club, and the Sisterhood of the Truro Synagogue???
85.1%
For I have crossed the Rubicon, let the bridge be burned behind me, come what may, come what may!???
85.1%
Lyric H or 1 % Correct
Them soldiers, they fired—oh ma, did we run???
84.6%
Is anybody there? Does anybody care? Does anybody see what I see????
84.4%
So this is what it feels like to match wits with someone at your level???
83.6%
The things I write are only light extemporanea—I won't put politics on paper, it's a mania???
83.4%
Write to me with sentimental effusion, let me revel in romantic illusion???
82.9%
Social-Lee, political-Lee, financial-Lee, natural-Lee, internal-Lee, external-Lee, fraternal-Lee???
82.7%
Say I died, loving bride, loving wife, loving life???
81.7%
I am, as I ever was and ever shall be, yours???
80.4%
I'm obnoxious and disliked, you know that, sir???
78.3%
I want to talk about what I have learned, the hard-won wisdom I have earned???
77.5%
Maybe we can solve one problem with another and win a victory for the Southerners???
77.4%
We have land, cash in hand, self-command, future planned???
77.1%
Careful how you proceed, good man—intemperate indeed, good man???
75.5%
For God's sake, John, sit down!???
72.3%
Will someone shut that man up????
72.3%
Remove Ads.
Support Sporcle.
Get the best of Sporcle when you Go Orange. This ad-free experience offers more features, more stats, and more fun while also helping to support Sporcle. Thank you for becoming a member.

You're not logged in!

Compare scores with friends on all Sporcle quizzes.
OR
Log In

Show Comments

Extras

Top Quizzes Today


Score Distribution

Your Account Isn't Verified!

In order to create a playlist on Sporcle, you need to verify the email address you used during registration. Go to your Sporcle Settings to finish the process.

Report this User

Report this user for behavior that violates our Community Guidelines.

Details: